| 000 | 00536nam a2200205Ia 4500 | ||
|---|---|---|---|
| 003 | OSt | ||
| 005 | 20230511142748.0 | ||
| 008 | 210423s2006 xx 000 0 und d | ||
| 020 | _a195686314 | ||
| 040 | _cAL | ||
| 041 | _aeng | ||
| 082 |
_a574.072 _223 _bHOLD |
||
| 100 |
_aHOLMES (D);others. _9103202 |
||
| 245 | _aResearch methods for the biosciences. | ||
| 260 |
_aNew Delhi _bOxford University Press _c2006 |
||
| 300 |
_axvi,381 _bPB |
||
| 365 |
_b995 _cINR |
||
| 906 | _abiosciences. ; methods ; Research | ||
| 942 |
_2ddc _cBK |
||
| 999 |
_c164233 _d164233 |
||